| 000 | 00797pam a2200289 a 4500 | ||
|---|---|---|---|
| 999 |
_c8385 _d8385 |
||
| 001 | 8385 | ||
| 003 | BD - JhCC | ||
| 005 | 20180621131200.0 | ||
| 008 | 040211s2003 enka 001 0 eng | ||
| 035 | _a(BD - JhCC)8385 | ||
| 040 |
_aBDS _dBD-JhCC |
||
| 041 | _aeng | ||
| 082 | 1 | 4 |
_a512 _222 _bABB 2003 |
| 100 | 1 |
_aAbbott, P. _q(Percival), _d1869-1954. |
|
| 245 | 1 | 0 |
_aAlgebra / _cP. Abbott. |
| 250 | _aRev. / | ||
| 260 |
_aLondon : _bTeach Yourself, _cc2003. |
||
| 300 |
_axiv, 353 p. : _bill. ; _c20 cm. |
||
| 490 | 1 | _aTeach yourself | |
| 500 | _aPrevious (i.e. 4th) ed.: London : Hodder & Stoughton, 1996. | ||
| 500 | _aIncludes index. | ||
| 650 | 0 | _aAlgebra. | |
| 650 | 0 |
_aAlgebra _vProblems, exercises, etc. |
|
| 830 | 0 | _aTeach yourself books. | |
| 942 |
_2ddc _cBK |
||